000 nam a22 7a 4500
999 _c10708
_d10708
008 180220b ||||| |||| 00| 0 eng d
100 _aSally,V.K.
_96570
245 _aLearning Elementary Science-3
260 _aNew Delhi
_bGoyal